000 00943nam a2200277Ia 4500
003 OSt
005 20221005102817.0
006 a|||||r|||| 00| 0
007 ta
008 221004b |||||||| |||| 00| 0 guj d
020 _a9789351087786 (hbk)
_cIndian Rupees 125
024 _a70776
037 _bGift, 10/12/2021,
_cTextual
040 _aCRL
_cCRL
_bguj
041 _2guj
_aguj
082 _aO156,3NRAx, 152Q7
100 _aरावल, दीपक, ले.
245 0 _aखिड़की
246 _aKhiड़kī
260 _aअहमदाबाद
_bपार्श्व पब्लिकेशन भारत
_c2017
300 _a95पृ0
_ccm.
650 _a गुजराती साहित्य
650 _aगुजराती कहानी
942 _hO156,3NRAx, 152Q7
_cTEXL
_2cc
999 _c1008981
_d1008981